Charlie's Angels Quiz Stats

 Plays Quiz Updated Mar 10, 2020

     
Support Sporcle.
Go Orange.
Score 0/14 Timer 03:00
0 Plays Today
Actress Angel % Correct
Farrah Fawcett-MajorsJill Munroe
58.7%
Jaclyn SmithKelly Garrett
57.6%
Kate JacksonSabrina Duncan
57.5%
Cheryl LaddKris Munroe
48%
Ella BalinskaJane Kano
39%
Kristen StewartSabina Wilson
38.8%
Elizabeth BanksRebekah Bosley
37.4%
Actress Angel % Correct
Drew BarrymoreDylan Sanders
32.3%
Naomi ScottElena Houghlin
31.3%
Lucy LiuAlex Munday
30.2%
Cameron DiazNatalie Cook
24.9%
Shelley HackTiffany Welles
19.5%
Tanya RobertsJulie Rogers
18%
Demi MooreMadison Lee
15.1%

From the Vault

5 Language Fivesomes

by timschurz

That's twenty-five total answer. Or is it f├╝nfundzwanzig? Or vingt-cinq?
Remove Ads.
Support Sporcle.
Get the best of Sporcle when you Go Orange. This ad-free experience offers more features, more stats, and more fun while also helping to support Sporcle. Thank you for becoming a member.

Show Comments

Extras

Top Quizzes Today


Score Distribution

Your Account Isn't Verified!

In order to create a playlist on Sporcle, you need to verify the email address you used during registration. Go to your Sporcle Settings to finish the process.

Report this User

Report this user for behavior that violates our Community Guidelines.

Details: